000 00582nam a22002177a 4500
003 OSt
005 20240606083306.0
006 a
008 240606b |||||||| |||| 00| 0 eng d
020 _a9780071330015
040 _aDWCL-Main lib.
_cOC
082 _aCirc. 591 P189a 2012
100 _aPandey, B N
245 _aAnimal diversity, volume 1 /
260 _aNew Delhi :
_bTata McGraw-Hill,
_cc2012.
300 _b366 p. : illus. ;
_c23 cm.
650 _a1. Animal diversity.
650 _a2. Evolution (Biology).
700 _aB N Pandey
942 _2ddc
_n0
_cBK-CIRC
_kCirc.
999 _c319
_d319